| 000 | 00360nam a2200145Ia 4500 | ||
|---|---|---|---|
| 008 | 230917s9999||||xx |||||||||||||| ||und|| | ||
| 040 |
_e136655 _aMAIN |
||
| 041 | _aEnglish | ||
| 082 | _a352.054 V558L | ||
| 100 | _aVenkatarangaiya, M | ||
| 245 | 0 | _aLocal government in India | |
| 260 |
_aBombay _bAllied Publishers _c1969 |
||
| 300 | _a515 p. | ||
| 942 | _cBK | ||
| 999 |
_c117249 _d117249 |
||